Food Ordering / (Record no. 234357)
[ view plain ]
| 000 -LEADER | |
|---|---|
| fixed length control field | 00451nam a22001577a 4500 |
| 003 - CONTROL NUMBER IDENTIFIER | |
| control field | OSt |
| 005 - DATE AND TIME OF LATEST TRANSACTION | |
| control field | 20260324154005.0 |
| 008 - FIXED-LENGTH DATA ELEMENTS--GENERAL INFORMATION | |
| fixed length control field | 250609b |||||||| |||| 00| 0 eng d |
| 040 ## - CATALOGING SOURCE | |
| Transcribing agency | AIMIT LIBRARY |
| 100 ## - MAIN ENTRY--PERSONAL NAME | |
| Personal name | Mohith. |
| Relator term | 2217033 |
| 9 (RLIN) | 213311 |
| 245 ## - TITLE STATEMENT | |
| Title | Food Ordering / |
| Statement of responsibility, etc. | By Mohith |
| 700 ## - ADDED ENTRY--PERSONAL NAME | |
| Personal name | Nausheeda B S. |
| Relator term | Mentor |
| 9 (RLIN) | 213312 |
| 700 ## - ADDED ENTRY--PERSONAL NAME | |
| Personal name | Poojary, Chethan S. |
| Relator term | Guide |
| 9 (RLIN) | 213313 |
| 856 ## - ELECTRONIC LOCATION AND ACCESS | |
| Materials specified | Isarva Infotech Pvt Ltd. |
| Link text | www.isarvait.com |
| 942 ## - ADDED ENTRY ELEMENTS (KOHA) | |
| Source of classification or shelving scheme | Dewey Decimal Classification |
| Koha item type | Project Report |
| Withdrawn status | Lost status | Source of classification or shelving scheme | Damaged status | Not for loan | Collection code | Home library | Current library | Date acquired | Total Checkouts | Barcode | Date last seen | Copy number | Uniform Resource Identifier | Price effective from | Koha item type |
|---|---|---|---|---|---|---|---|---|---|---|---|---|---|---|---|
| Dewey Decimal Classification | Not for loan | Project Report MCA | St Aloysius Institute of Management & Information Technology | St Aloysius Institute of Management & Information Technology | 07/30/2024 | PRC01508 | 06/09/2025 | 2217033 | www.isarvait.com | 06/09/2025 | Project Report |